000 00740nam a22002537a 4500
003 CHAP
005 20220817042414.0
008 971013s r 00010 d
010 _a43718
011 _a44690
035 _a48828
040 _cCHAP
082 _a378.33058
_bF85 1951-55
110 _aFundación Rockefeller.
245 _aDirectory of fellowship awards; supplement for the years 1951-1955
260 _aNew York :
_b(s.e.),
_c(s.a.)
300 _a62 p.
590 _aBATCH-UPD
_b10
_c20130110
_lUCH01
_h2230
590 _aCONVERSION
_b10
_c20130109
_lUCH01
_h1324
650 1 4 _aBecas
_xDirectorios.
_911117
901 _aBK
942 _cLIBRO
949 _a378.33058 F85 1951-55
_bBC
_cC
_d33724000513073
_eC
_h8930
_i48828
_si
999 _c43718
_d43718